000 00807nam a22002177a 4500
999 _c17473
_d17473
003 AR-CdUCM
008 190320b ||||| |||| 00| 0 spa d
040 _aMUNICIPALIDAD PROVINCIAL DEL CUSCO
_cBIBLIOTECA MUNICIPAL DEL CUSCO
082 _a620.1 /
_bH78
100 _aHousner, George
_937510
245 _aMecánica aplicada Dinamica /
260 _aMexico :
_bContinental,
_c1960.
300 _a396 paginas ;
_bDiagramas,
_c24 cm.
505 _aContenido :Principios generales de la dinamica -- Leyes de los movimientos -- Definiciones -- Sistemas de referencia -- Unidades fundamentales y derivadas -- Dimensiones...
650 _aEstática
_920065
650 _aIngeniería
_910043
650 _aProblemas
_99246
650 _aEjercicios
_919599
942 _2ddc
_cLIBROS
945 _apjha
_d2019-05-08